電車でGO!に収録されたことのある愛称付き列車 - Statistics

General Stats
  • This quiz has been taken 70 times
  • The average score is 32 of 66
Answer Stats
種別 列車名 収録タイトル % Correct
新幹線 のぞみ 山陽新幹線編
100%
新幹線 ひかり 山陽新幹線編
100%
新幹線 こだま 山陽新幹線編
98%
新幹線 こまち 2/2-3000/64/プロ仕様
94%
新幹線 やまびこ 2/2-3000/64/プロ仕様
92%
寝台特急 はやぶさ プロ仕様
90%
特急 サンダーバード プロ仕様/プロ2/FINAL
81%
特急 はくたか 2/2-3000/64/プロ仕様
75%
特急 雷鳥 プロ仕様/プロ2/FINAL
73%
特急 あずさ FINAL
69%
特急 ソニック 2/プロ仕様
65%
特急 つばめ プロ2
65%
寝台特急 あかつき FINAL
63%
寝台特急 サンライズ瀬戸 プロ2
63%
特急 とき プロ仕様
60%
特急 成田エクスプレス FINAL
60%
特急 踊り子 プロ仕様
58%
特急 かもめ プロ2
58%
寝台特急 トワイライトエクスプレス プロ2
56%
特急 にちりん プロ仕様
56%
特急 ハウステンボス プロ2
56%
特急 かいじ FINAL
54%
特急 南風 プロ2
54%
特急 みどり プロ2
54%
寝台特急 日本海 FINAL
52%
特急 うずしお プロ2
52%
寝台特急 彗星 FINAL
50%
特急 北アルプス 名古屋鉄道編
50%
特急 しおかぜ プロ2
50%
快速 マリンライナー プロ2
50%
新幹線 Maxやまびこ プロ仕様
50%
特急 いしづち プロ2
46%
急行 きたぐに プロ仕様/FINAL
46%
ライナー 青梅ライナー FINAL
46%
特急 スーパーあずさ FINAL
44%
特急 スーパービュー踊り子 プロ仕様/プロ2
44%
特急 にちりんシーガイア プロ仕様
44%
特急 はまかぜ FINAL
44%
特急 有明 プロ2
42%
特急 白鳥 プロ仕様/プロ2
42%
快速 アクティー プロ仕様
42%
特急 こまくさ プロ仕様
40%
特急 スーパー雷鳥 プロ仕様
38%
特急 ゆふ プロ2
38%
急行 アルプス FINAL
38%
快速 サンポート プロ2
38%
特急 ゆふいんの森 プロ2
35%
特急 秋田リレー プロ仕様
33%
特急 あさしお プロ仕様
33%
特急 びわこエクスプレス FINAL
33%
急行 たかやま プロ仕様
33%
快速 シーサイドライナー プロ2
33%
坊っちゃん列車 旅情編
31%
特別快速 ウイング プロ仕様
29%
ばんえつ物語号 汽車でGO
29%
急行 丹後 プロ仕様
27%
ライナー やまとじライナー プロ仕様
27%
快速 丹後 プロ仕様
27%
快速 かまくら プロ仕様
25%
快速 嵯峨野ホリデー プロ仕様
25%
特急 しまんと プロ2
23%
特急 第1こだま プロ仕様
23%
急行 土佐 プロ2
21%
急行 シュプール野沢・苗場 プロ仕様
10%
快速 SL碓氷号 汽車でGO
8%
磐梯会津路号 汽車でGO
6%
No matching quizzes found
Score Distribution
Percent of People with Each Score
Percentile by Number Answered
Your Score History
You have not taken this quiz